Prognózy dalšího vývoje socialistického plánovitého řízení národního hospodářství čítanka

Gespeichert in:
Bibliographische Detailangaben
Format: Buch
Sprache:Tschechisch
Veröffentlicht: Praha Institut řízení 1973
Tags: Tag hinzufügen
Keine Tags, Fügen Sie das erste Tag hinzu!

MARC

LEADER 00000nam a2200000 4500
001 c121026
005 20220302093220.9
041 0 |a cze 
044 |a CZ 
245 1 0 |a Prognózy dalšího vývoje socialistického plánovitého řízení národního hospodářství  |b čítanka 
264 1 |a Praha  |b Institut řízení  |c 1973 
300 |a S. 137-258